Finland multiple choice (harder) - Statistics

General Stats
  • This quiz has been taken 226 times
  • The average score is 12 of 15
Answer Stats
Question Answer % Correct
Only Finnish winner of Eurovision song contest Lordi
97%
Currency before Euro Mark
97%
Famous mobile company Nokia
97%
Former capital city Turku
97%
Capital city of autonomous province of Åland Mariehamn
93%
Capital of Lapland Rovaniemi
90%
Maker of hit song Sandstorm Darude
87%
City that Soviet Union captured from Finland during World war 2 Vyborg
87%
National bird of Finland Swan
83%
Top goal scorer of Uefa champions league 1995-96 Jari Litmanen
80%
Animal in coat of arms Lion
77%
President of Finland who has won Nobel peace prize Martti Ahtisaari
77%
Nine times Olympic champion of athletics Paavo Nurmi
77%
Voted as the greatest Finn of all time Carl Gustaf Emil Mannerheim
50%
Movie that was NOT directed by Finnish director Renny Harlin Police academy 3
37%
No matching quizzes found
Score Distribution
Percent of People with Each Score
Percentile by Number Answered
Your Score History
You have not taken this quiz